000 01962nam a2200385 a 4500
001 000002690
003 000002690
005 20170922123934.0
008 090703s2009 dr 001 edspa d
020 _a9789993431251
020 _a9993431257
040 _aBPMSU
_bspa
_cBPMSU
092 _a199.7293
_bC965f
245 0 0 _aCuestiones filosóficas :
_bensayos sobre la filosofía de Pedro Henrríquez Ureña /
_ccompilación Pedro Pablo Fernández, estudios introductorios de Eugenio Pucciarelli y Enrique Anderson Imbert.
246 1 8 _aPedro Henríquez Ureña:
_bcuestiones filosóficas
246 1 0 _aFilosofía de Pedro Henríquez Ureña
260 _aSanto Domingo :
_bBiblioteca Nacional Pedro Henríquez Ureña,
_c2009.
300 _a172 p. :
_bil. ;
_c24 cm.
490 1 _aFilosofía
500 _aIncluye notas al pie de las páginas.
505 0 _aEstudios preliminares: Pedro Henríquez Ureña y la filosofía / Eugenio Pucciarelli -- Pedro Henríquez Ureña: teoría de los valores / Enrique Anderson Imbert.
505 0 _aCuestiones filosóficas: Profesores de idealismo -- El positivismo de Comte -- El positivismo independiente -- Nietzsche y el pragmatismo -- La sociología de Eugenio María de Hostos -- La obra de José Enrique Rodó -- Las ideas sociales de Spinoza I -- Las ideas sociales de Spinoza II -- La filosofía en la América española -- Filosofía y originalidad -- El espíritu platónico.
600 1 0 _aHENRÍQUEZ UREÑA, PEDRO,
_d1884-1946
_xCRÍTICA E INTERPRETACIÓN
600 1 0 _aHENRÍQUEZ UREÑA, PEDRO,
_d1884-1946
_xPENSAMIENTO FILOSÓFICO
650 4 _aFILOSOFÍA
650 4 _aINTELECTUALES
_zREPÚBLICA DOMINICANA
700 0 _aFernández, Pedro Pablo,
_ecomp.
700 0 _aPucciarelli, Eugenio
700 0 _aImbert, Anderson
830 0 _aFilosofía
910 _aJornada de catalogación
942 _2ddc
_cBK
945 _aInventariado, 2017/MFF
956 _aVMATEO
_b10
_c20150914
_lBPMSU
_h0069
999 _c7136
_d7136